[Event "Queens-ch"]
[Site "Jamaica"]
[Date "2006.11.03"]
[Round "5"]
[White "Ryba, Andrew A"]
[Black "Drobbin, Mitchell"]
[Result "1-0"]
[WhiteElo "1728"]
[BlackElo "1966"]
[PlyCount "139"]
[EventDate "2006.02.26"]
[EventType "swiss"]
[EventRounds "7"]
[EventCountry "USA"]
[SourceTitle "EXT 2008"]
[Source "ChessBase"]
[SourceDate "2007.11.25"]
[SourceVersion "1"]
[SourceVersionDate "2007.11.25"]
[SourceQuality "1"]

1. d4 d5 2. Bg5 h6 3. Bh4 Nf6 4. e3 Bf5 5. Bd3 Bxd3 6. cxd3 c6 7. f4 Nbd7 8. Nf3 Qb6 9. Qd2 e6 10. 0-0 c5 11. dxc5 Bxc5 12. d4 Bb4 13. Qd3 Ne4 14. Nc3 Bxc3 15. bxc3 f5 16. Ne5 Nxe5 17. fxe5 g5 18. Rab1 Qc6 19. Bf2 Rc8 20. Rfc1 0-0 21. Be1 Rf7 22. Rc2 Rfc7 23. Rbc1 b5 24. Rb2 a6 25. Qd1 Kg7 26. a3 a5 27. g4 b4 28. axb4 axb4 29. gxf5 bxc3 30. f6+ Kg6 31. Rbc2 Qa6 32. Ra1 Qb5 33. Rb1 Qc4 34. Rbc1 h5 35. Rb1 g4 36. Rb6 Rc6 37. Rb7 R6c7 38. Rb6 Ng5 39. Qb1 Qd3 40. Bf2 Nh3+ 41. Kg2 Qe4+ 42. Kf1 Qh1+ 43. Ke2 Qf3+ 44. Ke1 Kg5 45. Qc1 Kf5 46. Qb1 Ng5 47. Bg1 Ne4 48. Rf2 c2 49. Rxf3+ gxf3 50. Qc1 Rg8 51. Bf2 Rg2 52. f7 Rxf7 53. Qxc2 Rxf2 54. Qxf2 Nxf2 55. Kxf2 Ke4 56. Rxe6 Rg7 57. Rf6 Rg2+ 58. Kf1 Kxe3 59. e6 Rxh2 60. Kg1 Rg2+ 61. Kf1 Ra2 62. Kg1 Ra7 63. Rf5 Re7 64. Rxd5 Rxe6 65. Re5+ Rxe5 66. dxe5 f2+ 67. Kf1 h4 68. e6 h3 69. e7 h2 70. e8Q+ 1-0

[Event "Queens-ch"]
[Site "Jamaica"]
[Date "2006.10.27"]
[Round "4"]
[White "Drobbin, Mitchell"]
[Black "Frawley, James M"]
[Result "1-0"]
[WhiteElo "1966"]
[BlackElo "1618"]
[PlyCount "22"]
[EventDate "2006.02.26"]
[EventType "swiss"]
[EventRounds "7"]
[EventCountry "USA"]
[SourceTitle "EXT 2008"]
[Source "ChessBase"]
[SourceDate "2007.11.25"]
[SourceVersion "1"]
[SourceVersionDate "2007.11.25"]
[SourceQuality "1"]

1. d4 Nf6 2. Nf3 g6 3. Bf4 d6 4. Nbd2 Bg7 5. e4 c5 6. c3 0-0 7. Bd3 Bd7 8. 0-0 b5 9. Qc2 Qb6 10. Rfe1 Nh5 11. Be3 Na6 1-0